<?xml version="1.0" encoding="UTF-8"?><?xml-stylesheet type="text/xsl" href="static/style.xsl"?><OAI-PMH xmlns="http://www.openarchives.org/OAI/2.0/" xmlns:xsi="http://www.w3.org/2001/XMLSchema-instance" xsi:schemaLocation="http://www.openarchives.org/OAI/2.0/ http://www.openarchives.org/OAI/2.0/OAI-PMH.xsd"><responseDate>2026-04-17T02:54:12Z</responseDate><request verb="GetRecord" identifier="oai:www.recercat.cat:2117/374671" metadataPrefix="marc">https://recercat.cat/oai/request</request><GetRecord><record><header><identifier>oai:recercat.cat:2117/374671</identifier><datestamp>2025-11-08T04:01:25Z</datestamp><setSpec>com_2072_1033</setSpec><setSpec>col_2072_452951</setSpec></header><metadata><record xmlns="http://www.loc.gov/MARC21/slim" xmlns:dcterms="http://purl.org/dc/terms/" xmlns:xsi="http://www.w3.org/2001/XMLSchema-instance" xmlns:doc="http://www.lyncode.com/xoai" xsi:schemaLocation="http://www.loc.gov/MARC21/slim http://www.loc.gov/standards/marcxml/schema/MARC21slim.xsd">
   <leader>00925njm 22002777a 4500</leader>
   <datafield ind2=" " ind1=" " tag="042">
      <subfield code="a">dc</subfield>
   </datafield>
   <datafield ind2=" " ind1=" " tag="720">
      <subfield code="a">Muñoz Pedemonte, Daniel</subfield>
      <subfield code="e">author</subfield>
   </datafield>
   <datafield ind2=" " ind1=" " tag="260">
      <subfield code="c">2022-07-20</subfield>
   </datafield>
   <datafield ind2=" " ind1=" " tag="520">
      <subfield code="a">El present Treball Final de Màster té com a objectiu principal calcular la petjada de carboni de&#xd;
tots els programes de mobilitat internacional en els que participa la Universitat Politècnica de&#xd;
Catalunya (UPC), amb un enfoc especial a aquelles mobilitats associades al Programa&#xd;
ERASMUS+, entre els anys 2016 i 2019, a partir de dades proporcionades per la pròpia UPC.&#xd;
Aquesta petjada de carboni s’ha calculat mitjançant casos d’estudi elaborats determinant les&#xd;
distàncies entre la ciutat de Barcelona i les localitats d’ubicació de les diferents universitats&#xd;
estrangeres (tant per carretera com d’avió) i calculant les emissions de cadascuna d’aquestes&#xd;
distàncies mitjançant factors d’emissió d’equivalents de CO2 que depenen del mitjà de transport&#xd;
i de l’any en que s’ha utilitzat el mitjà, i que tenen en compte aspectes com els diferents gasos&#xd;
d’efecte hivernacle emesos per les mobilitats i altres impactes propis del sector de l’aviació&#xd;
comercial. Aquests casos d’estudi pretenen ser una aproximació realista des de la perspectiva&#xd;
de la persona que experimenta la mobilitat, a la vegada que permeti calcular les petjades de&#xd;
carboni de la UPC d’anys anteriors i futurs.&#xd;
Les emissions totals són de 8.477,53 tones d’equivalents de CO2 per al total de mobilitats de la&#xd;
UPC i de 2.653,83 tones d’equivalents de CO2 per a les mobilitats de la UPC associades al&#xd;
Programa ERASMUS+, tenint en compte tant les persones que venen a realitzar experiències de&#xd;
mobilitat a la UPC (Incomings) com aquelles persones de l’UPC que les realitzen a universitats&#xd;
estrangeres (Outgoings). En tots els casos s’han dut a terme desagregacions per Incomings i&#xd;
Outgoings, per any de les mobilitats i per escola de la UPC.&#xd;
Es conclou que calen més esforços per part del món universitari i dels diferents instituts i grups&#xd;
de recerca per tal de recollir, analitzar i tractar dades referents als impactes ambientals dels&#xd;
programes de mobilitat universitària.</subfield>
   </datafield>
   <datafield ind2=" " ind1=" " tag="520">
      <subfield code="a">El presente Trabajo de Final de Máster tiene como objetivo principal calcular la huella de&#xd;
carbono de todos los programes de movilidad internacional en los que participa la Universitat&#xd;
Politècnica de Catalunya (UPC), con un enfoque especial en aquelles movilidades asociadas al&#xd;
Programa ERASMUS+, entre los años 2016 i 2019, a partir de datos proporcionados por la propia&#xd;
UPC.&#xd;
Esta huella de carbono se ha calculado a partir de casos de estudio elaborados determinando&#xd;
las distancias entre la Ciudad de Barcelona i las localidades de ubicación de las diferentes&#xd;
universidades extranjeras (tanto por carretera como en avión) i calculando las emisiones de cada&#xd;
una de estas distancias mediante factores de emisión de equivalentes de CO2 que dependen del&#xd;
medio de transporte y del año en que se ha utilizado el medio, i que tienen en cuenta aspectos&#xd;
como los diferentes gases de efecto invernadero emitidos por las movilidades i otros impactos&#xd;
propios del sector de la aviación comercial. Estos casos de estudio pretenden ser una&#xd;
aproximación realista desde la perspectiva de la persona que experimenta la movilidad, a la vez&#xd;
que permite calcular las huellas de carbono de la UPC de años pasados y futuros.&#xd;
Las emisiones totales son de 8.477,53 toneladas de equivalentes de CO2 para el total de&#xd;
movilidades de la UPC y de 2.653,83 toneladas de equivalentes de CO2 para las movilidades de&#xd;
la UPC asociadas al Programa ERASMUS+, teniendo en cuenta tanto las persones que vienen a&#xd;
realizar experiencias de movilidad en la UPC (Incomings) como aquelles persones de la UPC que&#xd;
las realizan en universidades extranjeras (Outgoings). En todos los casos de han llevado a cabo&#xd;
desagregaciones por Incomings i Outgoings, por años de las movilidades y por escuela de la UPC.&#xd;
Se concluye que son necesarios más esfuerzos por parte del mundo universitario i de los&#xd;
diferentes institutos y grupos de investigación para recopilar, analizar i trabajar datos referentes&#xd;
a los impactos ambientales de estos programas.</subfield>
   </datafield>
   <datafield ind2=" " ind1=" " tag="520">
      <subfield code="a">The main objective of this Master's Thesis is to calculate the carbon footprint of all international&#xd;
mobility programs in which the Universitat Politècnica de Catalunya (UPC) participates, with a&#xd;
special focus on those mobilities associated with the ERASMUS+ Programme, between 2016 and&#xd;
2019, based on data provided by the UPC.&#xd;
This carbon footprint has been calculated from case studies developed by determining the&#xd;
distances between the city of Barcelona and the locations of the different foreign universities&#xd;
(both by road and by plane) and calculating the emissions of each of these distances using&#xd;
emission factors of CO2 equivalents that depend on the means of transport and the year in which&#xd;
the means of transport has been used, and that take into account aspects such as the different&#xd;
greenhouse gases emitted by the mobilities and other impacts of the commercial aviation&#xd;
sector. These case studies are intended to be a realistic approach from the perspective of the&#xd;
person experiencing the mobility, while allowing the calculation of the UPC's carbon footprint&#xd;
for past and future years.&#xd;
The total emissions are 8,477.53 tons of CO2 equivalents for all UPC mobilities and 2,653.83 tons&#xd;
of CO2 equivalents for UPC mobilities associated with the ERASMUS+ Programme, taking into&#xd;
account both the people who come to carry out mobility experiences at the UPC (Incomings)&#xd;
and those people from the UPC who carry them out in foreign universities (Outgoings). In all&#xd;
cases, disaggregations have been carried out by Incomings and Outgoings, by years of mobility&#xd;
and by school of the UPC.&#xd;
It is concluded that more efforts are needed by the university world and the different institutes&#xd;
and research groups to collect, analyse and work on data concerning the environmental impacts&#xd;
of university mobility programs, in order to develop effective mitigation and reduction strategies&#xd;
of the carbon footprint of these programmes.</subfield>
   </datafield>
   <datafield tag="653" ind2=" " ind1=" ">
      <subfield code="a">Àrees temàtiques de la UPC::Enginyeria civil::Impacte ambiental</subfield>
   </datafield>
   <datafield tag="653" ind2=" " ind1=" ">
      <subfield code="a">Environmental impact analysis</subfield>
   </datafield>
   <datafield tag="653" ind2=" " ind1=" ">
      <subfield code="a">Sustainable development</subfield>
   </datafield>
   <datafield tag="653" ind2=" " ind1=" ">
      <subfield code="a">Aeronautics -- Flights</subfield>
   </datafield>
   <datafield tag="653" ind2=" " ind1=" ">
      <subfield code="a">UPC</subfield>
   </datafield>
   <datafield tag="653" ind2=" " ind1=" ">
      <subfield code="a">Petjada de Carboni</subfield>
   </datafield>
   <datafield tag="653" ind2=" " ind1=" ">
      <subfield code="a">Mobilitat Internacional</subfield>
   </datafield>
   <datafield tag="653" ind2=" " ind1=" ">
      <subfield code="a">Calculadora de CO2</subfield>
   </datafield>
   <datafield tag="653" ind2=" " ind1=" ">
      <subfield code="a">Impactes de l'aviació</subfield>
   </datafield>
   <datafield tag="653" ind2=" " ind1=" ">
      <subfield code="a">Medi ambient -- Anàlisi d'impacte</subfield>
   </datafield>
   <datafield tag="653" ind2=" " ind1=" ">
      <subfield code="a">Desenvolupament sostenible</subfield>
   </datafield>
   <datafield tag="653" ind2=" " ind1=" ">
      <subfield code="a">Aviació -- Vols</subfield>
   </datafield>
   <datafield tag="653" ind2=" " ind1=" ">
      <subfield code="a">CampusLab</subfield>
   </datafield>
   <datafield ind2="0" ind1="0" tag="245">
      <subfield code="a">La petjada de carboni de la mobilitat internacional a la UPC</subfield>
   </datafield>
</record></metadata></record></GetRecord></OAI-PMH>